000 01414nam a2200229Ia 4500
003 Ost
005 20260507075603.0
008 260507s9999||||xx |||||||||||||| ||und||
020 _a9957116096
040 _cfsecg
041 _aara
082 _a300
100 _aالنابلسي، المهندس مهند
_eمؤلف
245 0 _aاسرار الحيود السداسي :
_bالطريق للحيود السداسي - ادارة مشاريع الحيود السداسي /
_c المهندس مهند النابلسي
260 _aعمان:
_bدار وائل للنشر,
_c2005
300 _a444 صفحة؛
_bإيضاحات ؛
_c24 سم
520 _aالبعد الموسوعي للحيود السداسي و الطريق الى الحيود السداسي ( المدخل, التطبيق, الخيارات, آلية حل المشاكل, DMAIC الفروقات مع الجودةالشاملة, الادوات)؛ اضافة الى ادارة مشاريع الحيود السداسي: المراحل الست الاساسية لتطبيق الحيود السياسي و كذا عرض شيق لاهم تسع أدوات مع جدول تكامل كيفية قياس كفاءة العمليات و اخيرا محاذير الفشل في مشاريع الحيود السياسي.
653 _aادارة الاعمال
653 _aالادارة
653 _aالحيود السداسي
942 _cكتاب
999 _c45024
_d45024